000 00357pab a2200145 454500
008 180718b1985 xxu||||| |||| 00| 0 eng d
100 _aSlattery, Paul D.
245 _aPerformance appraisal without stress
260 _c1985
300 _a49-52
362 _aFeb.
650 _aPersonnel - Service Rating
773 _aPersonnel Journal
909 _a14967
999 _c14967
_d14967